Central Library OPAC University of Rajshahi

Australian inland waters and their fauna : (Record no. 66018)

MARC details
000 -LEADER
fixed length control field 00742cam a2200229 a 4500
001 - CONTROL NUMBER
control field 66018
003 - CONTROL NUMBER IDENTIFIER
rucl marc code BD-RjUL
005 - DATE AND TIME OF LATEST TRANSACTION
control field 20211209081506.0
008 - FIXED-LENGTH DATA ELEMENTS--GENERAL INFORMATION
fixed length control field 680301s1967 at ab b 000 0 eng
035 ## - SYSTEM CONTROL NUMBER
System control number (BD-RjUL)66148
040 ## - CATALOGING SOURCE
Original cataloging agency DLC
Transcribing agency DLC
Modifying agency DLC
-- BD-RjUL
Language of cataloging eng
041 ## - LANGUAGE CODE
Language code of text/sound track or separate title eng
082 ## - DEWEY DECIMAL CLASSIFICATION NUMBER
Edition number 23
Classification number 591.60994
Author mark and year AUS 1967
245 10 - TITLE STATEMENT
Title Australian inland waters and their fauna :
Remainder of title eleven studies /
Statement of responsibility, etc. edited by A. H. Weatherley.
260 ## - PUBLICATION, DISTRIBUTION, ETC. (IMPRINT)
Place of publication, distribution, etc. Canberra :
Name of publisher, distributor, etc. Australian National University Pres
Date of publication, distribution, etc. 1967
300 ## - PHYSICAL DESCRIPTION
Pagination xv, 287 p. :
Illustrations ill. ;
Size 25 cm.
504 ## - BIBLIOGRAPHY, ETC. NOTE
Bibliography, etc Includes bibliographies.
650 #0 - SUBJECT ADDED ENTRY--TOPICAL TERM
Topical term or geographic name as entry element Zoogeography
Geographic subdivision Australia.
9 (RLIN) 195282
Topical term or geographic name as entry element Freshwater animals
General subdivision Australia.
9 (RLIN) 195537
700 ## - ADDED ENTRY--PERSONAL NAME
Personal name Weatherley, A. H.
942 ## - ADDED ENTRY ELEMENTS (KOHA)
Source of classification or shelving scheme Dewey Decimal Classification
Koha item type Books
Holdings
Lost status Source of classification or shelving scheme Damaged status Not for loan Collection code Permanent Location Current Location Shelving location Date acquired Source of acquisition Cost, normal purchase price Total Checkouts Full call number Date last seen Copy number Koha item type
  Dewey Decimal Classification   Not For Loan Non-fiction Central Library, University of Rajshahi Central Library, University of Rajshahi Reading Room 11/09/1973 Australia govt. 0.00   591.60994 AUS 1967 13/03/2017 C-1 Books